| 000 | 00765nam a2200217 u 4500 | ||
|---|---|---|---|
| 005 | 20210223130858.0 | ||
| 008 | 081112s2005 r 000 0 eng d | ||
| 020 | _a9788496336530 (13 dígitos) | ||
| 020 | _a8496336530 (10 dígitos) | ||
| 035 | _aUPN01000167954 | ||
| 049 | _aI | ||
| 050 | 4 |
_aPZ84.9 _bM3.4 |
|
| 100 | 1 |
_aMachado, Ana María, _d1941- _929089 |
|
| 245 | 1 | 0 |
_aAntón Pirulero / _cAna María Machado ; tr. Rosa S. Corgatelli ; il. Gloria García. |
| 260 |
_aBarcelona, Esp. : _bPlaneta : _bOxford University, _c2005. |
||
| 300 |
_a76 p. : _bil. col. |
||
| 440 | 0 |
_aCamaleón. _pNaranja. _pA partir de 8 años ; _v11 |
|
| 534 |
_pTítulo original: _tBento que Bento é o frade |
||
| 650 | 4 |
_aCUENTOS INFANTILES BRASILEÑOS _912222 |
|
| 905 | _aInfantil | ||
| 999 |
_c140063 _d140063 |
||